Body Language - Foot - Statistics

General Stats
  • This quiz has been taken 299 times
  • The average score is 9 of 15
Answer Stats
Hint Answer % Correct
Sasquatch Bigfoot
95%
Walking over hot coals is more impressive like this Barefoot
85%
Without a normal arch Flat foot
85%
Put this in front of your easy chair Footstool
81%
A small trunk or storage chest (also an American shoe store) Footlocker
78%
Lights up the actors Footlight
67%
Kevin Bacon and John Lithgow Footloose
65%
Straight from the movie camera Footage
62%
A mountain goat is this Surefooted
55%
A step up while climbing Foothold
47%
Left behind at the beach Footprints
46%
Athletes and dancers have good technique Footwork
46%
A historical reference to an infantry soldier Footman
45%
Beware: can make Serena Williams VERY angry Foot fault
31%
The first rank earned as a Boy Scout Tenderfoot
24%
No matching quizzes found
Score Distribution
Percent of People with Each Score
Percentile by Number Answered
Your Score History
You have not taken this quiz